000 00442nam a22001697a 4500
003 NUST - PNEC
005 20170116180901.0
008 150901b xxu||||| |||| 00| 0 eng d
020 _a-
040 _cLIBRARY
082 _a539.7 LIV
100 _96362
_aLiverhant,S.E.
245 _aElementory Introduction to Nuclear Reactor Physics
_cS.E. Liverhant
260 _cc1960
690 _96367
_xElectronic Engineering
_zEE
942 _2ddc
_cBK
999 _c64974
_d64974